00969nam a22002537a 450000500170000001000130001702000230003003500130005303700160006604000120008208200150009410000270010924501170013626000460025327000480029930000260034750000440037365000280041765000520044570000270049794200240052499900190054895201480056720170124110204.0 aA-950379 c295.00a8120313925 aA-950379 bCen Lib/Ret aDPLbEN a005.3bCAL aCalabria, Jane 936946 aMicrosoft office user specialist :cby Jane Calabria [and] Dorothy Burke bmicrosoft power point 97 exam guide / aNew Delhi bPrentice Hall of India c1997 bNew Delhi aM-97, connaught circus e110001 axvii, 328p.c21cm(Hb) aIncludes appendix, glossary and index  aComputer science936947 aSoftware application (MS Office)vGuide 936948 aBurke, Dorothy 936930 2ddccENh005.3mCAL c133140d133140 04104070aLbLd2015-07-24eCen Lib/Retg295.00l0o005.3 CALpA-950379r2015-07-24 00:00:00t1v295.00w2015-07-24yENzW/d list no. 6808/13